000 00585nam a2200217Ia 4500
005 20250508163859.0
008 008 250505s9999 xx 000 0 eng d
020 _a81-86409-94-7
037 _aTextBook
040 _aFEDL
_beng
_cFEDL
041 _aeng
_2eng
084 _a370.1, MAK
_qFEDL
100 _aMakarayko Anton
_9776653
245 0 _aEk pustak mata-pita ke liye
260 _aDelhi, India
_bJanvani Prakashan
_c1998
300 _a287p
365 _aINR
_b275
650 _aEducational Philosophy
942 _cTB
_h370.1, MAK
999 _c1385766
_d1385766